Modelovanie podnikových procesov pri zavádzaní informačného systému

Modelovanie procesov, ktoré sa vykonáva v prípravnej etape implementácie informačného systému Postup modelovania procesov. Aplikácia vybraných softvérových nástrojov. Modelovanie procesov - ARIS.

Guardado en:
Detalles Bibliográficos
Autor principal: Slamka, Tomáš
Formato: Capítulo de libro
Lenguaje:eslovaco
Materias:
Etiquetas: Agregar Etiqueta
Sin Etiquetas, Sea el primero en etiquetar este registro!

MARC

LEADER 00000naa$a2200000$$$4500
001 0088783
005 20220729111625.8
041 0 |a slo 
044 |a SK 
245 1 0 |a Modelovanie podnikových procesov pri zavádzaní informačného systému  |c Tomáš Slamka 
520 |a Modelovanie procesov, ktoré sa vykonáva v prípravnej etape implementácie informačného systému Postup modelovania procesov. Aplikácia vybraných softvérových nástrojov. Modelovanie procesov - ARIS. 
610 2 0 |a modelovanie 
610 2 0 |a softvér 
610 2 0 |a systémy informačné 
610 2 0 |a firmy 
610 2 0 |a procesy podnikové 
100 1 |a Slamka, Tomáš